00000000nas 2200000zi 4500
0019.949467
003CaOODSP
00520250324145423
006m     o  d f      
007cr |||||||||||
008250324d19861991onc | m o    f0###b0fre|d
040 |aCaOODSP|bfre|erda|cCaOODSP
043 |an-cn---
0861 |aCo24-3/11F-PDF
24500|aEvaluation assessment = |brapport préparatoire d'évaluation.
24611|aRapport préparatoire d'évaluation
24633|aSéries d'évaluation de programme
264 1|aOttawa : |bMinistère des communications.
310 |aIrrègulier
336 |atexte|btxt|2rdacontent/fre
337 |ainformatique|bc|2rdamedia/fre
338 |aressource en ligne|bcr|2rdacarrier/fre
500 |aÉdition numérisée de l'imprimé [par Innovation, Sciences et Développement économique Canada].
500 |aPublié aussi en anglais sous le titre : Evaluation assessment.
650 6|aCommunication dans l'administration publique|zCanada|xÉvaluation.
7101 |aCanada. |bMinistère des communications.
77508|tEvaluation assessment = |w(CaOODSP)9.940712